Signs of hope in the city / (Record no. 11486)

MARC details
000 -LEADER
fixed length control field 01466nam a2200205 a 4500
003 - CONTROL NUMBER IDENTIFIER
control field PILC
005 - DATE AND TIME OF LATEST TRANSACTION
control field 20241119140949.0
008 - FIXED-LENGTH DATA ELEMENTS--GENERAL INFORMATION
fixed length control field 070222s1995 xx 00 eng d
010 ## - LIBRARY OF CONGRESS CONTROL NUMBER
LC control number 27815,29333
020 ## - INTERNATIONAL STANDARD BOOK NUMBER
International Standard Book Number 0912552956
040 ## - CATALOGING SOURCE
Transcribing agency Philippine Baptist Theological Seminary
050 ## - LIBRARY OF CONGRESS CALL NUMBER
Classification number BV 2805
Item number S22 1995
100 10 - MAIN ENTRY--PERSONAL NAME
Personal name Linthicum, Robert, ed.
245 10 - TITLE STATEMENT
Title Signs of hope in the city /
Statement of responsibility, etc. Robert Linthicum, editor.
260 0# - PUBLICATION, DISTRIBUTION, ETC (IMPRINT)
Place of publication, distribution, etc. Monrovia, CA :
Name of publisher, distributor, etc. MARC,
Date of publication, distribution, etc. c1995.
300 ## - PHYSICAL DESCRIPTION
Extent 88 p. ; 22 cm.
505 ## - FORMATTED CONTENTS NOTE
Formatted contents note A time to talk: the Ruschlikon movement <br/>Theologies of urban mission<br/>Tomorrow is our permanent address: toward a trinitarian theology for the city -- The impact of feminist theology on urban mission -- Remnant theology as the base for urban ministry -- A theology of urban mission: an Orthodox perspective -- <br/><br/>History and context <br/>The challenge of today's urban world -- Historical reflections on urban ministry in America -- The history of the city missions movement -- History of urban training centers -- <br/><br/>Urban missiology <br/>A new way of being church -- organizing for community -- National urban ministries network -- Urban mission among the poor: n incarnational approach -- Urban ministry in the Coptic Orthodox church -- A missionary Parish at the edge of the largest city of the world -- Urban development project -- What the first world church can learn from third world urban Christians --
650 ## - SUBJECT ADDED ENTRY--TOPICAL TERM
Topical term or geographic name as entry element CITY MISSIONS
942 ## - ADDED ENTRY ELEMENTS (KOHA)
Koha item type Circulation Books
Source of classification or shelving scheme Library of Congress Classification
Holdings
Withdrawn status Lost status Source of classification or shelving scheme Damaged status Not for loan Home library Current library Shelving location Date acquired Cost, normal purchase price Total Checkouts Full call number Barcode Date last seen Price effective from Koha item type Total Renewals Date last checked out
    Dewey Decimal Classification     PBTS Library PBTS Library Circulation Section 02/22/2007 24.00   BV 2805 S22 1995 27815 03/18/2026 04/02/2015 Circulation Books    
    Dewey Decimal Classification     PBTS Library PBTS Library Circulation Section 02/22/2007 24.00 1 BV 2805 S22 1995 29333 03/18/2026 04/02/2015 Circulation Books 4 11/12/2016

Philippine Baptist Theological Seminary | 19 Tacay Road, Central Guisad, Baguio City 2600, Philippines